...

NIRU LIBRARY

The challenge for Africa (Record no. 522)

MARC details
000 -LEADER
fixed length control field 01952cam a2200385 a 4500
001 - CONTROL NUMBER
control field 15470339
003 - CONTROL NUMBER IDENTIFIER
control field OSt
005 - DATE AND TIME OF LATEST TRANSACTION
control field 20241018061930.0
008 - FIXED-LENGTH DATA ELEMENTS--GENERAL INFORMATION
fixed length control field 080930s2009 nyu b 001 0 eng
010 ## - LIBRARY OF CONGRESS CONTROL NUMBER
LC control number 2008043017
020 ## - INTERNATIONAL STANDARD BOOK NUMBER
International Standard Book Number 9780099539032
020 ## - INTERNATIONAL STANDARD BOOK NUMBER
International Standard Book Number 0307377407
035 ## - SYSTEM CONTROL NUMBER
System control number (OCoLC)236339678
035 ## - SYSTEM CONTROL NUMBER
System control number (OCoLC)ocn236339678
040 ## - CATALOGING SOURCE
Original cataloging agency DLC
Transcribing agency DLC
Modifying agency BTCTA
-- BAKER
-- YDXCP
-- MLY
-- C#P
-- BWX
-- CDX
-- VP@
-- DLC
Language of cataloging EN
043 ## - GEOGRAPHIC AREA CODE
Geographic area code f------
050 00 - LIBRARY OF CONGRESS CALL NUMBER
Classification number JQ1875
Item number .M33 2009
082 00 - DEWEY DECIMAL CLASSIFICATION NUMBER
Classification number 320.6096
Edition number 22
100 1# - MAIN ENTRY--PERSONAL NAME
Personal name Maathai, Wangari.
245 14 - TITLE STATEMENT
Title The challenge for Africa
Statement of responsibility, etc. Wangari Maathai.
250 ## - EDITION STATEMENT
Edition statement 1st ed.
260 ## - PUBLICATION, DISTRIBUTION, ETC.
Place of publication, distribution, etc. New York :
Name of publisher, distributor, etc. Pantheon Books,
Date of publication, distribution, etc. c2009.
300 ## - PHYSICAL DESCRIPTION
Extent 319 p. ;
Dimensions 22 cm.
504 ## - BIBLIOGRAPHY, ETC. NOTE
Bibliography, etc. note Includes bibliographical references (p. [303]-304) and index.
505 0# - FORMATTED CONTENTS NOTE
Formatted contents note Introduction: On the wrong bus -- The farmer of Yaoundé -- A legacy of woes -- Pillars of good governance : the three-legged stool -- Aid and the dependency syndrome -- Deficits : indebtedness and unfair trade -- Leadership -- Moving the social machine -- Culture : the missing link? -- The crisis of national identity -- Embracing the micro-nations -- Land ownership : whose land is it, anyway? -- Environment and development -- Saving the Congo forests -- The African family.
650 #0 - SUBJECT ADDED ENTRY--TOPICAL TERM
Topical term or geographic name entry element Political leadership
Geographic subdivision Africa.
651 #0 - SUBJECT ADDED ENTRY--GEOGRAPHIC NAME
Geographic name Africa
General subdivision Economic conditions
Chronological subdivision 1960-
651 #0 - SUBJECT ADDED ENTRY--GEOGRAPHIC NAME
Geographic name Africa
General subdivision Social conditions
Chronological subdivision 1960-
856 42 - ELECTRONIC LOCATION AND ACCESS
Materials specified Publisher description
Uniform Resource Identifier <a href="http://www.loc.gov/catdir/enhancements/fy0910/2008043017-d.html">http://www.loc.gov/catdir/enhancements/fy0910/2008043017-d.html</a>
856 42 - ELECTRONIC LOCATION AND ACCESS
Materials specified Contributor biographical information
Uniform Resource Identifier <a href="http://www.loc.gov/catdir/enhancements/fy0910/2008043017-b.html">http://www.loc.gov/catdir/enhancements/fy0910/2008043017-b.html</a>
856 41 - ELECTRONIC LOCATION AND ACCESS
Materials specified Sample text
Uniform Resource Identifier <a href="http://www.loc.gov/catdir/enhancements/fy0910/2008043017-s.html">http://www.loc.gov/catdir/enhancements/fy0910/2008043017-s.html</a>
906 ## - LOCAL DATA ELEMENT F, LDF (RLIN)
a 7
b cbc
c orignew
d 1
e ecip
f 20
g y-gencatlg
942 ## - ADDED ENTRY ELEMENTS (KOHA)
Source of classification or shelving scheme Library of Congress Classification
Koha item type Books
Suppress in OPAC No
Holdings
Withdrawn status Lost status Source of classification or shelving scheme Damaged status Not for loan Home library Current library Date acquired Source of acquisition Total checkouts Full call number Barcode Date last seen Price effective from Koha item type
    Library of Congress Classification     NIRU LIBRARY NIRU LIBRARY 10/18/2024 purchase   JQ 1875 .M33 2009 2024-0009 10/18/2024 10/18/2024 Books
Copyright © 2025&6. National Intelligence and Research University. All Rights Reserved.